| 000 | 00741cam a22002413a 4500 | ||
|---|---|---|---|
| 001 | 19160 | ||
| 003 | PGUSA | ||
| 005 | 20140828083415.0 | ||
| 008 | 060902s2006||||xxu|||||s|||||000 | eng d | ||
| 040 |
_aPGUSA _beng |
||
| 042 | _adc | ||
| 050 | 4 | _aDA | |
| 100 | 1 |
_aBecker, Bernard Henry, _d1833- |
|
| 245 | 1 | 0 |
_aDisturbed Ireland : _bBeing the Letters Written During the Winter of 1880-81. _h[electronic resource] / _cBernard Henry Becker |
| 260 |
_bProject Gutenberg, _c2006 |
||
| 506 | _aPublic domain in the USA. | ||
| 516 | _aElectronic text | ||
| 653 | _aWorking class -- Ireland | ||
| 653 | _aIreland -- Social conditions | ||
| 830 | 0 |
_aProject Gutenberg _v19160 |
|
| 856 | 4 | 0 | _uhttp://www.gutenberg.org/ebooks/19160 |
| 942 | _cEB | ||
| 999 |
_c248415 _d248415 |
||